Đang tải...

Medial and muslims in India since independence /

Chi tiết về thư mục
Tác giả chính: Asif,AU
Định dạng: Printed Book
Được phát hành: 1998.
LEADER 00410nam a2200121Ia 4500
008 150527150527b xxu||||| |||| 00| 0 eng d
100 |a Asif,AU 
245 |c by Asif,AU  |a Medial and muslims in India since independence / 
260 |c 1998. 
300 |a 142 p. 
942 |c BK 
999 |c 169927  |d 169927 
952 |0 0  |1 0  |2 ddc  |4 0  |6 954_000000000000000  |7 0  |9 188556  |a ARA  |b ARA  |c ST1  |d 2015-05-27  |i 6913  |l 0  |o 954  |p ARA006913  |r 2015-05-27  |y BK